Facultad de Derecho – Universidad Nacional de Mar del Plata

Ideologia, racionalismo y realidad : el papel de los principios y de las circunstancias en lo politico y juridico (Record no. 79)

MARC details
000 -LEADER
fixed length control field 00643cam a22002057a 4500
001 - CONTROL NUMBER
control field 000080
003 - CONTROL NUMBER IDENTIFIER
control field armpunfd
005 - DATE AND TIME OF LATEST TRANSACTION
control field 20140612090557.0
008 - FIXED-LENGTH DATA ELEMENTS--GENERAL INFORMATION
fixed length control field 011019e1981####xx#a##########000#0#und#d
040 ## - CATALOGING SOURCE
Original cataloging agency armpunfd
Transcribing agency armpunfd
080 ## - UNIVERSAL DECIMAL CLASSIFICATION NUMBER
Universal Decimal Classification number 340.1 M 763
100 10 - MAIN ENTRY--PERSONAL NAME
Personal name Montejano, Bernardino
245 10 - TITLE STATEMENT
Title Ideologia, racionalismo y realidad : el papel de los principios y de las circunstancias en lo politico y juridico
260 ## - PUBLICATION, DISTRIBUTION, ETC. (IMPRINT)
Place of publication, distribution, etc Buenos Aires
Name of publisher, distributor, etc Abeledo- Perrot
Date of publication, distribution, etc IMP. 1981
300 ## - PHYSICAL DESCRIPTION
Extent 254 p.
650 #7 - SUBJECT ADDED ENTRY--TOPICAL TERM
Topical term or geographic name as entry element Derecho
General subdivision Teoria Del
Source of heading or term LEMB
650 #7 - SUBJECT ADDED ENTRY--TOPICAL TERM
Topical term or geographic name as entry element Filosofia Del Derecho
Source of heading or term LEMB
942 ## - ADDED ENTRY ELEMENTS (KOHA)
Koha item type LIBRO
Source of classification or shelving scheme
945 ## - LOCAL PROCESSING INFORMATION (OCLC)
a Catalis
d 2010-08-19
Holdings
Withdrawn status Lost status Source of classification or shelving scheme Damaged status Not for loan Home library Current library Date acquired Total Checkouts Full call number Date last seen Price effective from Koha item type
          Bib. Derecho Bib. Derecho 12/06/2014   340.1 M 763 12/06/2014 12/06/2014 LIBRO

XHTML | CSS | ©Biblioteca Central - Dto. Tecnología de la Información - [ Con tecnología Koha ]